000 00630nam a2200193 i 4500
001 86030
003 ES-MaACL
005 20240131063030.0
007 t|
008 041207s1933 fr ||||1| fre d
100 1 _aKennedy, Margaret,
_d1896-1967
_967845
245 1 2 _aL'idiot de la famille /
_cMargaret Kennedy ; traduit d l'anglais par Louis et Renice Guilloux.
260 _aParis :
_bPlon,
_c1933.
300 _a349 p. ;
_c19 cm.
490 1 _aFeux croisés. Ommes et terres etrangeres
830 0 _aFeux croisés. Ommes et terres etrangeres
_9183898
852 _aES-MaACL
_jA-3074
999 _c86030
_d86030